MARC

LEADER 00000nam0a2200000 4500
001 317285
005 20231102002947.0
035 |a (RuTPU)RU\TPU\book\342753 
035 |a RU\TPU\book\342366 
090 |a 317285 
100 |a 20160406d1957 k y0rusy50 ca 
101 0 |a rus 
102 |a RU 
105 |a a z 001zy 
200 1 |a Пластические массы в электротехнической промышленности  |f А. К. Варденбург 
205 |a 2-е изд., перераб. и доп. 
210 |a Москва  |a Ленинград  |c Госэнергоиздат  |d 1957 
215 |a 232 с.  |c ил. 
320 |a Библиогр.: с. 226-231 
320 |a Алфавитный указатель: с. 232 
606 1 |a Электроизоляционные материалы, пластмассовые  |2 stltpush  |3 (RuTPU)RU\TPU\subj\20071  |9 45212 
606 1 |a Пластмассы  |2 stltpush  |3 (RuTPU)RU\TPU\subj\49097  |9 67908 
610 1 |a производство 
610 1 |a пластические массы 
610 1 |a физико-механические свойства 
610 1 |a состав 
610 1 |a конструирование 
610 1 |a пресс-формы 
610 1 |a изоляция 
610 1 |a литая изоляция 
610 1 |a механическая обработка 
610 1 |a формообразование 
610 1 |a склеивание 
610 1 |a термореактивные пластмассы 
610 1 |a свойства 
610 1 |a пенопласты 
610 1 |a пленочные материалы 
675 |a 621.315.616.9  |v 4 
675 |a 678.5  |v 4 
700 1 |a Варденбург  |b А. К.  |g Арнольд Куртович 
801 1 |a RU  |b 63413507  |c 20160401 
801 2 |a RU  |b 63413507  |c 20171030  |g RCR 
942 |c BK